Financovanie malých a stredných podnikov diplomová práca

Na minha lista:
Detalhes bibliográficos
Autor principal: Veseleňáková, Lenka
Autor Corporativo: Fakulta podnikového manažmentu EU. Katedra podnikových financií
Outros Autores: Mikloš, Miroslav, 1975-
Formato: Livro
Idioma:eslovaco
Publicado em: Bratislava 2009
Tags: Adicionar Tag
Sem tags, seja o primeiro a adicionar uma tag!

MARC

LEADER 00000nam$a2200000$$$4500
001 0101587
005 20240319124452.6
041 0 |a slo 
044 |a SK 
245 1 0 |a Financovanie malých a stredných podnikov  |b diplomová práca  |c Lenka Veseleňáková ; škol. Miroslav Mikloš 
264 1 |a Bratislava  |c 2009 
300 |a 84 s. 
100 1 |a Veseleňáková, Lenka 
700 1 |a Mikloš, Miroslav, 1975- 
710 2 |a Fakulta podnikového manažmentu EU. Katedra podnikových financií